Prešov už s dvojbodovým náskokom extraliga volejbalistov - 4. kolo v skupine o 1.-4. miesto a 7. a 8. v skupine o 5.-8. miesto

Bibliographic Details
Format: Article
Language:Slovak
PhysicalDescription:Fotogr., tab.
ISSN:0139-7001
Subjects:

MARC

LEADER 00000nab a2200000 ar4500
001 vtls010069910
003 SK-MaSNL
005 20260303192601.0
008 100301c20100215xo dr|n|||||||000 b|slo
015 |a SNBRB2010/02  |2 snkbucl 
038 |a SNKBUCL 
040 |a SNKBUCL  |b slo  |c SNKBUCL  |e AACR2 
041 0 |a slo 
044 |a xo  |c SK 
080 |a 796.325.093.1  |2 2001 
245 0 0 |a Prešov už s dvojbodovým náskokom  |b extraliga volejbalistov - 4. kolo v skupine o 1.-4. miesto a 7. a 8. v skupine o 5.-8. miesto 
300 |b Fotogr., tab. 
648 7 |a sezóna 2009/2010  |2 snkbucl  |9 1034617 
650 0 7 |a volejbal  |2 snkbucl  |9 3294 
650 0 7 |a muži  |2 snkbucl  |9 4888 
650 0 7 |a extraliga  |2 snkbucl  |9 18992 
650 0 7 |a 4. kolo  |2 snkbucl  |9 872571 
650 0 7 |a skupina o 1.-4. miesto  |2 snkbucl  |9 1222946 
650 0 7 |a 7. a 8. kolo  |2 snkbucl  |9 1223020 
650 0 7 |a skupina o 5.-8. miesto  |2 snkbucl  |9 1222972 
773 0 |t Šport  |g Roč. 64, č. 37 (15.2.2010), s. 48  |x 0139-7001 
852 |a SNK  |b KIS3GCP 
999 |c 2147183  |d 2149113